00468nam a2200193Ia 4500003000400000005001700004008004000021020001500061040001000076041000800086082001600094100001300110245006000123260003900183300001400222650001200236650001100248700001500259OSt20250816110840.0210210b2007 xxu||||| |||| 00| 0 eng d a8170355079 aALc  aeng a641.39 HUSA aHuss H H aAssessment and management of seafood safety and quality aDelhibDaya Publishing Housec2007 avii, 230p aseafood asafety aAbabouch L